| 000 | 00634nam a22001817a 4500 | ||
|---|---|---|---|
| 999 |
_c173528 _d173528 |
||
| 005 | 20200302113947.0 | ||
| 010 | _aENG-127945 | ||
| 020 |
_a9788175247765 _c800.00 |
||
| 035 | _aEN-111478 | ||
| 037 | _bDBAD/PUB | ||
| 082 | _a796 | ||
| 100 | _aRathod,Murlidhar Shankar Rao | ||
| 245 |
_aSociological Foundation of Physical Education and Sports/ _cby Murlidhar Shankar Rao Rathod [and] Manik Meharban Rathod |
||
| 260 |
_aNew Delhi _bKhel Sahitya Kendra _c2016 |
||
| 270 |
_a7/26, Ansari Road, Daryaganj _bNew Delhi _e110002 _mkhelsahitya@rediffmail.com |
||
| 300 |
_a266p. _c23cm(hb) |
||
| 942 |
_2ddc _cEN _h796 _mRAT |
||